[Event "23. Open de Moratalaz 2010"]
[Site "Madrid ESP"]
[Date "2010.09.22"]
[Round "7.9"]
[White "Garcia Galeote, Lorenzo"]
[Black "Perez Gonzalez, Jose Manuel"]
[Result "0-1"]
[WhiteElo "2040"]
[BlackElo "2318"]
[PlyCount "98"]
[EventDate "2010.09.16"]
[EventType "swiss"]
[EventRounds "9"]
[EventCountry "ESP"]
[Source "lmi"]
[SourceDate "2010.09.16"]

1. Nf3 Nf6 2. g3 g6 3. Bg2 Bg7 4. O-O O-O 5. d3 d6 6. e4 c5 7. c4 Nc6 8. h3 Rb8
9. Nc3 Ne8 10. Be3 Nd4 11. Kh2 Nc7 12. Qd2 b5 13. Bh6 Nxf3+ 14. Bxf3 Bxh6 15.
Qxh6 bxc4 16. dxc4 Rxb2 17. e5 Ne6 18. exd6 Qxd6 19. Rad1 Nd4 20. Bd5 Qxg3+ 21.
Kxg3 Nf5+ 22. Kf4 Nxh6 23. Na4 Rxa2 24. Nxc5 Kg7 25. Ra1 Rxa1 26. Rxa1 Bxh3 27.
Rxa7 Nf5 28. Na6 Kf6 29. c5 g5+ 30. Kf3 Bf1 31. Nb4 Ke5 32. Bb7 h5 33. Nc6+ Kf6
34. Ra1 Bb5 35. Na7 Bd3 36. c6 g4+ 37. Kg2 Be4+ 38. Kh2 h4 39. Ra4 g3+ 40. Kg1
gxf2+ 41. Kxf2 Nd6 42. Ke3 h3 43. Rxe4 Nxe4 44. c7 Nd6 45. c8=Q Rxc8 46. Nxc8
Nxb7 47. Kf3 Nd6 48. Nb6 Nf5 49. Nd5+ Kg5 0-1

[Event "23. Open de Moratalaz 2010"]
[Site "Madrid ESP"]
[Date "2010.09.22"]
[Round "7.10"]
[White "Longa Yauca, Javier"]
[Black "Morona Minguez, Irene"]
[Result "1-0"]
[WhiteElo "2313"]
[BlackElo "1815"]
[PlyCount "37"]
[EventDate "2010.09.16"]
[EventType "swiss"]
[EventRounds "9"]
[EventCountry "ESP"]
[Source "lmi"]
[SourceDate "2010.09.16"]

1. d4 Nf6 2. c4 g6 3. Nc3 Bg7 4. e4 d6 5. Nf3 O-O 6. Be2 e5 7. d5 a5 8. h3 Na6
9. Bg5 Bd7 10. Qd2 Nc5 11. Qe3 c6 12. O-O Qb6 13. Rab1 a4 14. Rfd1 Qc7 15. Nxe5
Nxd5 16. Rxd5 cxd5 17. Nxd5 Qa5 18. Bf6 dxe5 19. Qh6 1-0

[Event "23. Open de Moratalaz 2010"]
[Site "Madrid ESP"]
[Date "2010.09.23"]
[Round "8.1"]
[White "Gomez Garrido, Camilo"]
[Black "Guerra Mendez, Jose Angel"]
[Result "1/2-1/2"]
[WhiteElo "2514"]
[BlackElo "2448"]
[PlyCount "27"]
[EventDate "2010.09.16"]
[EventType "swiss"]
[EventRounds "9"]
[EventCountry "ESP"]
[Source "lmi"]
[SourceDate "2010.09.16"]

1. e4 c5 2. Nf3 d6 3. d4 cxd4 4. Nxd4 Nf6 5. Nc3 a6 6. a4 g6 7. Be2 Bg7 8. O-O
O-O 9. Kh1 Bd7 10. f4 Nc6 11. Nb3 Rc8 12. Be3 Be6 13. Bf3 Nd7 14. Rf2 1/2-1/2

[Event "23. Open de Moratalaz 2010"]
[Site "Madrid ESP"]
[Date "2010.09.23"]
[Round "8.2"]
[White "Rubio Mejia, Luis"]
[Black "Moreno Ruiz, Javier"]
[Result "0-1"]
[WhiteElo "2373"]
[BlackElo "2491"]
[PlyCount "64"]
[EventDate "2010.09.16"]
[EventType "swiss"]
[EventRounds "9"]
[EventCountry "ESP"]
[Source "lmi"]
[SourceDate "2010.09.16"]

1. d4 Nf6 2. c4 e6 3. Nc3 Bb4 4. e3 b6 5. Nge2 Ba6 6. Ng3 O-O 7. e4 Nc6 8. Bg5
h6 9. h4 d6 10. a3 Bxc3+ 11. bxc3 Re8 12. Be3 Na5 13. Rh3 Bxc4 14. Nh5 Nxh5 15.
Qxh5 Qf6 16. Rg3 Kh7 17. Bxc4 Nxc4 18. Kf1 d5 19. Kg1 dxe4 20. Qg4 Nd6 21. Bf4
g6 22. Bxd6 cxd6 23. h5 d5 24. hxg6+ fxg6 25. f3 h5 26. Qh3 e3 27. f4 e2 28.
Re1 Qxf4 29. Rxe2 Rf8 30. Rxe6 Qc1+ 31. Kh2 Rf1 32. Re7+ Kh8 0-1

[Event "23. Open de Moratalaz 2010"]
[Site "Madrid ESP"]
[Date "2010.09.23"]
[Round "8.3"]
[White "Almagro Llamas, Pablo"]
[Black "Garrido Dominguez, Jesus"]
[Result "0-1"]
[WhiteElo "2451"]
[BlackElo "2310"]
[PlyCount "88"]
[EventDate "2010.09.16"]
[EventType "swiss"]
[EventRounds "9"]
[EventCountry "ESP"]
[Source "lmi"]
[SourceDate "2010.09.16"]

1. e4 d6 2. d4 Nf6 3. Nc3 e5 4. Nf3 Nbd7 5. Bc4 Be7 6. O-O O-O 7. a4 c6 8. Ba2
b6 9. Qe2 a6 10. h3 Rb8 11. Rd1 Qc7 12. Nh4 exd4 13. Nf5 dxc3 14. Nxe7+ Kh8 15.
Nf5 d5 16. exd5 cxd5 17. bxc3 Re8 18. Qd2 Ne5 19. Qg5 Ng6 20. Qg3 Re5 21. Nh4
Nxh4 22. Qxh4 Re4 23. Qg3 Qxg3 24. fxg3 Rxa4 25. c4 Be6 26. Bf4 Ra8 27. cxd5
Bxd5 28. Bxd5 Rxa1 29. Rxa1 Nxd5 30. c4 Nxf4 31. gxf4 a5 32. Rb1 a4 33. Kf2 a3
34. Ke3 a2 35. Ra1 h5 36. Kd4 Kh7 37. f5 h4 38. Kc3 Kh6 39. Kb3 Kg5 40. Rxa2
Rxa2 41. Kxa2 Kxf5 42. Kb3 Ke4 43. Kb4 Kd4 44. Kb5 f5 0-1

[Event "23. Open de Moratalaz 2010"]
[Site "Madrid ESP"]
[Date "2010.09.23"]
[Round "8.4"]
[White "Roa Alonso, Santiago"]
[Black "Elissalt Cardenas, Hector"]
[Result "1/2-1/2"]
[WhiteElo "2454"]
[BlackElo "2357"]
[PlyCount "31"]
[EventDate "2010.09.16"]
[EventType "swiss"]
[EventRounds "9"]
[EventCountry "ESP"]
[Source "lmi"]
[SourceDate "2010.09.16"]

1. e4 d6 2. d4 Nf6 3. Nc3 Nbd7 4. g3 e5 5. Nge2 c6 6. Bg2 b5 7. a3 Bb7 8. O-O
Be7 9. d5 cxd5 10. exd5 a6 11. h3 O-O 12. g4 Ne8 13. f4 exf4 14. Bxf4 Bf6 15.
Qd3 Ne5 16. Qg3 1/2-1/2

[Event "23. Open de Moratalaz 2010"]
[Site "Madrid ESP"]
[Date "2010.09.23"]
[Round "8.5"]
[White "Perez Gonzalez, Jose Manuel"]
[Black "Longa Yauca, Javier"]
[Result "1/2-1/2"]
[WhiteElo "2318"]
[BlackElo "2313"]
[PlyCount "125"]
[EventDate "2010.09.16"]
[EventType "swiss"]
[EventRounds "9"]
[EventCountry "ESP"]
[Source "lmi"]
[SourceDate "2010.09.16"]

1. e4 g6 2. d4 Bg7 3. Nc3 c6 4. Be3 d5 5. f3 dxe4 6. fxe4 Nf6 7. Nf3 Qb6 8. Qd2
Qxb2 9. Rb1 Qa3 10. Ne5 Qa5 11. Bc4 e6 12. O-O O-O 13. Rf3 Ne8 14. Bh6 f6 15.
Bxg7 Kxg7 16. Rbf1 h6 17. h4 Nd7 18. Ng4 Qh5 19. Bxe6 Nb6 20. Bxc8 Rxc8 21. Ne3
Rd8 22. Qf2 Kh7 23. d5 c5 24. Ne2 Qe5 25. Nf4 Ng7 26. Ng4 Qxe4 27. Re3 Qf5 28.
Qg3 h5 29. Nh2 Nxd5 30. Ne6 Qxc2 31. Nxf8+ Rxf8 32. Rd3 Nb6 33. Rc3 Qxa2 34.
Rxc5 Rf7 35. Nf3 Qe6 36. Qf4 Nf5 37. Re1 Qd7 38. Rec1 Nd5 39. Qd2 Nfe3 40. Qd4
Qe6 41. Rc8 Qg4 42. Ng5+ Kg7 43. Qxg4 hxg4 44. Nxf7 Kxf7 45. Ra8 Nf5 46. Rxa7
Nxh4 47. Re1 f5 48. Rxb7+ Kf6 49. Rh7 Kg5 50. Kf2 Nf6 51. Rh8 Ne4+ 52. Rxe4
fxe4 53. Re8 g3+ 54. Kxg3 Nf5+ 55. Kf2 Kf4 56. g4 e3+ 57. Ke2 Kxg4 58. Re4+ Kg3
59. Ra4 g5 60. Ra5 Kg4 61. Ra4+ Kg3 62. Ra5 Kg4 63. Ra4+ 1/2-1/2

[Event "23. Open de Moratalaz 2010"]
[Site "Madrid ESP"]
[Date "2010.09.23"]
[Round "8.6"]
[White "Castaño Vargas, Henry Augusto"]
[Black "Arribas Lopez, Angel"]
[Result "0-1"]
[WhiteElo "2205"]
[BlackElo "2454"]
[PlyCount "86"]
[EventDate "2010.09.16"]
[EventType "swiss"]
[EventRounds "9"]
[EventCountry "ESP"]
[Source "lmi"]
[SourceDate "2010.09.16"]

1. e4 c5 2. Nf3 e6 3. d4 cxd4 4. Nxd4 Nf6 5. Nc3 d6 6. g4 a6 7. g5 Nfd7 8. Qh5
g6 9. Qe2 b5 10. a3 Bb7 11. Be3 Ne5 12. O-O-O Nbd7 13. Qe1 Rc8 14. f4 Nc4 15.
h4 Nxe3 16. Qxe3 Qb6 17. Bh3 Bg7 18. Rhe1 Rc4 19. Ndxb5 axb5 20. Qxb6 Nxb6 21.
Nxb5 Nc8 22. Nxd6+ Nxd6 23. Rxd6 Bxe4 24. Bxe6 Rxc2+ 25. Kd1 fxe6 26. Rxe6+ Kf7
27. Re7+ Kxe7 28. Rxe4+ Kd6 29. Kxc2 Rc8+ 30. Kb1 Rc7 31. h5 Kd5 32. Rb4 Ke6
33. Rb6+ Kf5 34. h6 Bd4 35. Rd6 Be3 36. Rf6+ Kg4 37. b4 Bxf4 38. b5 Kxg5 39.
Re6 Kf5 40. Ra6 g5 41. a4 g4 42. b6 Rb7 43. a5 Bb8 0-1

[Event "23. Open de Moratalaz 2010"]
[Site "Madrid ESP"]
[Date "2010.09.23"]
[Round "8.7"]
[White "Gomez Ledo, Roberto Carlos"]
[Black "Fernandez Garcia, Alberto"]
[Result "1-0"]
[WhiteElo "2453"]
[BlackElo "2189"]
[PlyCount "133"]
[EventDate "2010.09.16"]
[EventType "swiss"]
[EventRounds "9"]
[EventCountry "ESP"]
[Source "lmi"]
[SourceDate "2010.09.16"]

1. d4 d5 2. c4 e6 3. Nc3 f5 4. cxd5 exd5 5. Nf3 Nf6 6. Bg5 c6 7. e3 Bd6 8. Bd3
O-O 9. Qc2 h6 10. Bf4 Ne4 11. Bxd6 Qxd6 12. Ne5 Nd7 13. f4 Nxe5 14. fxe5 Qe7
15. O-O Be6 16. a3 a5 17. Na4 Rf7 18. Rac1 Raf8 19. Nc5 Nxc5 20. Qxc5 Qxc5 21.
Rxc5 Ra8 22. Be2 g6 23. g3 Kf8 24. Rb1 a4 25. Rf1 Ke8 26. Kf2 Ra7 27. Ke1 Ke7
28. Kd2 Bd7 29. Rf2 Ra8 30. Rc1 Rg7 31. Bd3 Ra7 32. Kc3 h5 33. Kb4 b6 34. Kc3
Ra8 35. Kd2 Rh8 36. Bc2 Ra8 37. Bd1 Rh7 38. h4 Rhh8 39. Ke2 Rhb8 40. Kf3 Be8
41. Kf4 Rc8 42. Rfc2 Ra7 43. Bf3 Ra5 44. Rc3 Rb5 45. R1c2 Rc7 46. Bd1 Rc8 47.
Be2 Ra5 48. Rc1 Rc7 49. Bd1 Rc8 50. b4 axb3 51. Bxb3 b5 52. Rc5 Rca8 53. Rxc6
Bxc6 54. Rxc6 R8a6 55. Rc7+ Kd8 56. Rc5 Ke7 57. Bxd5 Rb6 58. e6 Rxa3 59. Rc7+
Kd8 60. e7+ Ke8 61. Bc6+ Rxc6 62. Rxc6 Ra1 63. Rc7 b4 64. d5 Rd1 65. Ke5 Kf7
66. Kd6 Rd3 67. Rc8 1-0

[Event "23. Open de Moratalaz 2010"]
[Site "Madrid ESP"]
[Date "2010.09.23"]
[Round "8.8"]
[White "Hernando Pertierra, Jose Carlos"]
[Black "Sanchez-Alarcos Galian, Victor"]
[Result "1/2-1/2"]
[WhiteElo "2386"]
[BlackElo "2178"]
[PlyCount "190"]
[EventDate "2010.09.16"]
[EventType "swiss"]
[EventRounds "9"]
[EventCountry "ESP"]
[Source "lmi"]
[SourceDate "2010.09.16"]

1. g3 d5 2. Bg2 Nf6 3. Nf3 c6 4. O-O Bg4 5. d3 Nbd7 6. Nbd2 e6 7. b3 Bd6 8. Bb2
O-O 9. e4 e5 10. h3 Bh5 11. Qe1 Re8 12. a4 a5 13. Nh4 Bg6 14. Qe2 Qc7 15. Rfe1
Bb4 16. Red1 Rad8 17. Nxg6 hxg6 18. Nf3 Bd6 19. h4 Nc5 20. Ng5 Ne6 21. Nxe6
Rxe6 22. Bf3 Ree8 23. Kg2 Bc5 24. Rh1 dxe4 25. dxe4 Bd4 26. c3 Bc5 27. Bc1 Qd7
28. h5 gxh5 29. Bg5 Qd3 30. Bxh5 Qxe2 31. Bxe2 Rd6 32. Rh4 Kf8 33. Rb1 Rd7 34.
b4 axb4 35. cxb4 Bd4 36. b5 Bc3 37. bxc6 bxc6 38. Be3 Bd4 39. Bc1 Ra7 40. Ba3+
c5 41. Bb5 Rb8 42. Rh8+ Ng8 43. Rhh1 Ke7 44. f4 Nf6 45. Kf3 Kd6 46. Rhd1 Nd7
47. fxe5+ Nxe5+ 48. Kg2 Ke6 49. Rb3 Rh8 50. Bb2 Bxb2 51. Rxb2 Rc8 52. Rbd2 f6
53. Rd8 Rxd8 54. Rxd8 Rc7 55. Kf2 c4 56. Ke2 c3 57. Kd1 Nc4 58. Kc1 Nd6 59. Kc2
Nxe4 60. a5 Nd6 61. Bd3 Nb7 62. Ra8 Nc5 63. Bc4+ Kf5 64. Kxc3 Kg4 65. Kb4 Ne4
66. Bd5 f5 67. Re8 g5 68. Re5 Nd6 69. a6 Kxg3 70. Re6 Nc8 71. Re3+ Kf4 72. Re8
g4 73. Rf8 Ke5 74. Ba8 f4 75. Kb5 Rc2 76. Re8+ Kf6 77. Rf8+ Kg5 78. Bd5 Rc3 79.
Be6 Na7+ 80. Kb4 Rc6 81. Rg8+ Kf6 82. Rxg4 Kxe6 83. Rxf4 Rxa6 84. Rf1 Rc6 85.
Rh1 Rc2 86. Kb3 Rc8 87. Re1+ Kd5 88. Rd1+ Ke4 89. Re1+ Kd3 90. Rd1+ Ke2 91. Rh1
Nb5 92. Rh2+ Kd3 93. Rh3+ Kd4 94. Rh4+ Kd5 95. Rh5+ Kc6 1/2-1/2

[Event "23. Open de Moratalaz 2010"]
[Site "Madrid ESP"]
[Date "2010.09.23"]
[Round "8.9"]
[White "Taboas Rodriguez, Daniel"]
[Black "Suarez Uriel, Adrian"]
[Result "1-0"]
[WhiteElo "2381"]
[BlackElo "2180"]
[PlyCount "119"]
[EventDate "2010.09.16"]
[EventType "swiss"]
[EventRounds "9"]
[EventCountry "ESP"]
[Source "lmi"]
[SourceDate "2010.09.16"]

1. d4 Nf6 2. Nf3 g6 3. c4 Bg7 4. Nc3 d5 5. cxd5 Nxd5 6. e4 Nxc3 7. bxc3 c5 8.
Be3 O-O 9. Be2 Qa5 10. O-O Nc6 11. Qb3 cxd4 12. cxd4 Bg4 13. Rad1 Qb4 14. d5
Qxb3 15. axb3 Ne5 16. Rc1 f5 17. Rc7 fxe4 18. Nd4 Bxe2 19. Nxe2 Rfd8 20. Rxe7
Rxd5 21. Rxb7 Rd7 22. Rb4 Nd3 23. Rxe4 Rb8 24. Rb1 Bf8 25. h4 Nc5 26. Rd4 Rdb7
27. Nc1 a5 28. Rd5 Nxb3 29. Rxb3 Rxb3 30. Nxb3 Rxb3 31. Rxa5 Bd6 32. Kf1 Rb7
33. h5 Kf7 34. Ke2 Be7 35. Kf3 Bf6 36. Kg4 Rb4+ 37. f4 Re4 38. Bc5 gxh5+ 39.
Kf5 Rc4 40. Ra7+ Ke8 41. Kxf6 Rxc5 42. Rxh7 Rc6+ 43. Kg5 Rc2 44. Rxh5 Rxg2+ 45.
Kf6 Ra2 46. Rh8+ Kd7 47. f5 Rf2 48. Rf8 Rf1 49. Kg7 Rg1+ 50. Kf7 Rh1 51. f6
Rh7+ 52. Kg6 Rh1 53. Ra8 Rg1+ 54. Kf7 Rc1 55. Kg7 Rg1+ 56. Kf8 Rf1 57. f7 Rf2
58. Ra1 Rd2 59. Rg1 Rf2 60. Kg8 1-0

[Event "23. Open de Moratalaz 2010"]
[Site "Madrid ESP"]
[Date "2010.09.23"]
[Round "8.10"]
[White "Ballesteros Gonzalez, David"]
[Black "Serrano Salvador, Eduardo"]
[Result "0-1"]
[WhiteElo "2196"]
[BlackElo "2352"]
[PlyCount "104"]
[EventDate "2010.09.16"]
[EventType "swiss"]
[EventRounds "9"]
[EventCountry "ESP"]
[Source "lmi"]
[SourceDate "2010.09.16"]

1. d4 Nf6 2. c4 Nc6 3. Nf3 e6 4. a3 d6 5. Bg5 h6 6. Bh4 g5 7. Bg3 Ne4 8. e3 Bg7
9. Nbd2 Nxg3 10. hxg3 O-O 11. Bd3 f5 12. e4 g4 13. d5 gxf3 14. dxc6 fxg2 15.
Rg1 bxc6 16. Qc2 Rb8 17. Rb1 Qf6 18. b4 d5 19. exf5 exf5 20. Rxg2 Re8+ 21. Kf1
f4 22. g4 Qc3 23. Qxc3 Bxc3 24. Nf3 Ba6 25. b5 dxc4 26. Bxc4+ Kg7 27. Rd1 Bxb5
28. Bxb5 cxb5 29. Rd7+ Kf8 30. Rxc7 Rbd8 31. Rh2 Rd3 32. Kg2 Re7 33. Rc5 Rg7
34. Rc8+ Ke7 35. Rc7+ Ke8 36. Rxg7 Bxg7 37. Rh5 a6 38. g5 Rd5 39. Kh3 hxg5 40.
Kg4 Bf6 41. Rh7 Be7 42. Rh8+ Kd7 43. Ra8 Bxa3 44. Ra7+ Ke8 45. Rxa6 Be7 46. Re6
Kd7 47. Rb6 b4 48. Ne1 Bc5 49. Rb5 Kc6 50. Rb8 Bd6 51. Rc8+ Kb5 52. Rc1 b3 0-1

[Event "23. Open de Moratalaz 2010"]
[Site "Madrid ESP"]
[Date "2010.09.24"]
[Round "9.1"]
[White "Moreno Ruiz, Javier"]
[Black "Gomez Garrido, Camilo"]
[Result "1/2-1/2"]
[WhiteElo "2491"]
[BlackElo "2514"]
[PlyCount "52"]
[EventDate "2010.09.16"]
[EventType "swiss"]
[EventRounds "9"]
[EventCountry "ESP"]
[Source "lmi"]
[SourceDate "2010.09.16"]

1. c4 c5 2. g3 Nc6 3. Bg2 g6 4. Nc3 Bg7 5. a3 d6 6. Rb1 Bf5 7. d3 Rc8 8. Bd2
Nf6 9. b4 b6 10. Nf3 O-O 11. O-O Qd7 12. Re1 Bh3 13. Bh1 h6 14. Qa4 e5 15. Nd5
Kh7 16. Nxf6+ Bxf6 17. Qb5 Bg7 18. a4 Nxb4 19. Bxb4 cxb4 20. Qxb4 f5 21. Nd2
Qc7 22. Qa3 Rce8 23. Bd5 h5 24. a5 Bh6 25. axb6 axb6 26. e3 h4 1/2-1/2

[Event "23. Open de Moratalaz 2010"]
[Site "Madrid ESP"]
[Date "2010.09.24"]
[Round "9.2"]
[White "Guerra Mendez, Jose Angel"]
[Black "Garrido Dominguez, Jesus"]
[Result "1/2-1/2"]
[WhiteElo "2448"]
[BlackElo "2410"]
[PlyCount "37"]
[EventDate "2010.09.16"]
[EventType "swiss"]
[EventRounds "9"]
[EventCountry "ESP"]
[Source "lmi"]
[SourceDate "2010.09.16"]

1. e4 d6 2. d4 Nf6 3. Nc3 e5 4. Nf3 Nbd7 5. Bc4 Be7 6. O-O O-O 7. Re1 c6 8. a4
b6 9. Ba2 a6 10. h3 Rb8 11. Be3 b5 12. axb5 axb5 13. b4 Qc7 14. Bb3 Nb6 15. Qd3
Rd8 16. Ng5 Rf8 17. dxe5 dxe5 18. Bc5 Nh5 19. Qe3 1/2-1/2

[Event "23. Open de Moratalaz 2010"]
[Site "Madrid ESP"]
[Date "2010.09.24"]
[Round "9.3"]
[White "Serrano Salvador, Eduardo"]
[Black "Roa Alonso, Santiago"]
[Result "1/2-1/2"]
[WhiteElo "2352"]
[BlackElo "2454"]
[PlyCount "26"]
[EventDate "2010.09.16"]
[EventType "swiss"]
[EventRounds "9"]
[EventCountry "ESP"]
[Source "lmi"]
[SourceDate "2010.09.16"]

1. d4 Nf6 2. Nf3 e6 3. Bg5 Be7 4. e3 b6 5. Bd3 Bb7 6. Nbd2 c5 7. c3 cxd4 8.
cxd4 O-O 9. O-O h6 10. Bh4 Nc6 11. a3 d5 12. Rc1 a6 13. Qe2 Nd7 1/2-1/2

[Event "23. Open de Moratalaz 2010"]
[Site "Madrid ESP"]
[Date "2010.09.24"]
[Round "9.4"]
[White "Arribas Lopez, Angel"]
[Black "Perez Gonzalez, Jose Manuel"]
[Result "1-0"]
[WhiteElo "2454"]
[BlackElo "2318"]
[PlyCount "87"]
[EventDate "2010.09.16"]
[EventType "swiss"]
[EventRounds "9"]
[EventCountry "ESP"]
[Source "lmi"]
[SourceDate "2010.09.16"]

1. c4 Nf6 2. g3 g6 3. Bg2 Bg7 4. Nf3 O-O 5. O-O d6 6. Nc3 Nc6 7. d3 Nh5 8. Be3
f5 9. Qd2 e5 10. Bg5 Nf6 11. Rab1 Be6 12. b4 Qd7 13. b5 Ne7 14. Qc1 Kh8 15. Re1
Nfg8 16. Nd2 Rab8 17. Bxe7 Nxe7 18. Qa3 Nc8 19. Nb3 b6 20. Nd2 g5 21. Rbd1 Qf7
22. Bd5 Bxd5 23. Nxd5 Qd7 24. Nb1 Ne7 25. Nxe7 Qxe7 26. Qxa7 e4 27. Qa3 Ra8 28.
Qb3 e3 29. f3 Bd4 30. Nc3 Qg7 31. Nd5 Ra5 32. Rc1 Rfa8 33. Rc2 Ra3 34. Qb1 R8a4
35. Kg2 Kg8 36. Qc1 Rxa2 37. Rxa2 Rxa2 38. c5 Ra1 39. cxd6 Rxc1 40. Rxc1 Be5
41. Rxc7 Qh6 42. Rc8+ Kf7 43. d7 g4 44. d8=Q 1-0

[Event "23. Open de Moratalaz 2010"]
[Site "Madrid ESP"]
[Date "2010.09.24"]
[Round "9.5"]
[White "Elissalt Cardenas, Hector"]
[Black "Gomez Ledo, Roberto Carlos"]
[Result "1/2-1/2"]
[WhiteElo "2357"]
[BlackElo "2453"]
[PlyCount "89"]
[EventDate "2010.09.16"]
[EventType "swiss"]
[EventRounds "9"]
[EventCountry "ESP"]
[Source "lmi"]
[SourceDate "2010.09.16"]

1. d4 d5 2. c4 c6 3. Nf3 Nf6 4. Nc3 dxc4 5. a4 Bf5 6. Ne5 Na6 7. f3 Nd7 8. Nxd7
Bxd7 9. e4 e5 10. Bxc4 exd4 11. Qxd4 Nb4 12. Qe5+ Be6 13. Bg5 Nc2+ 14. Ke2 Qb8
15. Qxb8+ Rxb8 16. Bxe6 Nxa1 17. Bxf7+ Kxf7 18. Rxa1 Be7 19. Be3 b6 20. f4 Bb4
21. Nd1 Rhe8 22. e5 g5 23. g3 Ke6 24. Rc1 Rbc8 25. Nf2 gxf4 26. gxf4 Kf5 27.
Kf3 b5 28. Ne4 bxa4 29. Bc5 Bxc5 30. Rxc5 Red8 31. Nd6+ Rxd6 32. exd6+ Ke6 33.
d7 Kxd7 34. Rh5 Rb8 35. Rxh7+ Ke6 36. Rxa7 Rxb2 37. Rxa4 Rxh2 38. Ra8 Rh1 39.
Re8+ Kf6 40. Re5 Rf1+ 41. Ke4 Re1+ 42. Kd4 Rxe5 43. fxe5+ Ke6 44. Kc5 Kxe5 45.
Kxc6 1/2-1/2

[Event "23. Open de Moratalaz 2010"]
[Site "Madrid ESP"]
[Date "2010.09.24"]
[Round "9.6"]
[White "Longa Yauca, Javier"]
[Black "Almagro Llamas, Pablo"]
[Result "0-1"]
[WhiteElo "2313"]
[BlackElo "2451"]
[PlyCount "130"]
[EventDate "2010.09.16"]
[EventType "swiss"]
[EventRounds "9"]
[EventCountry "ESP"]
[Source "lmi"]
[SourceDate "2010.09.16"]

1. d4 Nf6 2. Nf3 e6 3. e3 c5 4. g3 b6 5. Bg2 Bb7 6. O-O Qc7 7. b3 Be7 8. Bb2
O-O 9. c4 cxd4 10. exd4 d5 11. Nbd2 dxc4 12. bxc4 Rd8 13. Rc1 Nc6 14. Qe2 Rac8
15. Rfd1 Ba6 16. Qe3 Re8 17. h3 Bf8 18. Bf1 Nd7 19. Nb3 Qb8 20. Nfd2 e5 21. d5
Nd8 22. Re1 Nb7 23. Ne4 Nd6 24. Nxd6 Bxd6 25. Qf3 Bb7 26. Bd3 g6 27. g4 Qc7 28.
Qe3 Qd8 29. Qf3 Qh4 30. Kg2 Rf8 31. Qg3 Qxg3+ 32. fxg3 f6 33. a4 a5 34. Rc2 Rc7
35. Rec1 Rfc8 36. Kh2 Bb4 37. h4 Re8 38. Re2 Bc8 39. Bc3 Bxc3 40. Rxc3 Ba6 41.
Rc1 Kf7 42. Nd2 Nc5 43. Bc2 Bc8 44. Rb1 Bxg4 45. Ree1 Rb8 46. Rec1 Bd7 47. Ne4
Nxe4 48. Bxe4 Rc5 49. Ra1 Ke7 50. Bd3 Kd6 51. Kg2 f5 52. Be2 e4 53. Ra3 h6 54.
Rd1 Bc8 55. Rb1 Ba6 56. Rab3 Bxc4 57. Bxc4 Rxc4 58. Rxb6+ Rxb6 59. Rxb6+ Kxd5
60. Rxg6 Rc6 61. Rg8 Rc2+ 62. Kf1 e3 63. Re8 Kd4 64. Ra8 Kd3 65. Re8 Rc1+ 0-1

[Event "23. Open de Moratalaz 2010"]
[Site "Madrid ESP"]
[Date "2010.09.24"]
[Round "9.7"]
[White "Ramirez Garcia, Jorge Alberto"]
[Black "Taboas Rodriguez, Daniel"]
[Result "0-1"]
[WhiteElo "2246"]
[BlackElo "2381"]
[PlyCount "116"]
[EventDate "2010.09.16"]
[EventType "swiss"]
[EventRounds "9"]
[EventCountry "ESP"]
[Source "lmi"]
[SourceDate "2010.09.16"]

1. e4 e6 2. d4 d5 3. Nd2 a6 4. Ngf3 c5 5. exd5 exd5 6. dxc5 Bxc5 7. Nb3 Bb6 8.
Bg5 Ne7 9. Bd3 Nbc6 10. O-O O-O 11. Re1 Re8 12. h3 h6 13. Be3 Bc7 14. Qd2 Bf5
15. Bxf5 Nxf5 16. Bf4 Rxe1+ 17. Rxe1 Bb6 18. c3 Qd7 19. Ne5 Nxe5 20. Bxe5 Re8
21. Bd4 Nxd4 22. Rxe8+ Qxe8 23. Nxd4 Qe4 24. a3 h5 25. Nf3 g6 26. Kf1 Kg7 27.
Qe2 Ba7 28. Nd2 Qc2 29. Nf3 Qc1+ 30. Ne1 Kf6 31. g3 Qb1 32. Qc2 Qa2 33. Kg2 Qc4
34. Qd3 Qe4+ 35. Qf3+ Ke6 36. Nd3 g5 37. g4 h4 38. a4 Kd6 39. b3 Bb6 40. Nb2
Ke6 41. Nd3 f6 42. Nc1 Bc5 43. Qxe4+ dxe4 44. f3 Ke5 45. Ne2 b5 46. axb5 axb5
47. fxe4 Kxe4 48. Nc1 Ke3 49. b4 Bb6 50. Nb3 Kd3 51. Nc5+ Kxc3 52. Na6 Kc4 53.
Kf3 Bd4 54. Ke4 Bc3 55. Kf5 Bxb4 56. Kxf6 Bd2 57. Ke5 b4 58. Ke4 b3 0-1

[Event "23. Open de Moratalaz 2010"]
[Site "Madrid ESP"]
[Date "2010.09.24"]
[Round "9.8"]
[White "Paredes Sanchez, Juan"]
[Black "Rubio Mejia, Luis"]
[Result "0-1"]
[WhiteElo "2206"]
[BlackElo "2373"]
[PlyCount "96"]
[EventDate "2010.09.16"]
[EventType "swiss"]
[EventRounds "9"]
[EventCountry "ESP"]
[Source "lmi"]
[SourceDate "2010.09.16"]

1. e4 c5 2. Nf3 d6 3. d4 cxd4 4. Nxd4 Nf6 5. Nc3 a6 6. Bg5 e6 7. f4 Nbd7 8. Qf3
Qc7 9. O-O-O b5 10. Bd3 Bb7 11. Rhe1 Qb6 12. Nd5 Qxd4 13. Bxf6 gxf6 14. Bxb5
Qc5 15. Nxf6+ Kd8 16. Nxd7 Qxb5 17. Nxf8 Rxf8 18. Qa3 Ke8 19. Qxd6 Rc8 20. b3
Qc6 21. Qxc6+ Bxc6 22. g3 Rd8 23. e5 h5 24. h4 Rg8 25. Rxd8+ Kxd8 26. Re3 Kc7
27. c4 Rd8 28. Kc2 Bg2 29. Kc3 Rd1 30. Rd3 Ra1 31. Rd2 Bc6 32. Kd4 Kb6 33. Kc3
a5 34. a3 a4 35. Kb2 Rg1 36. b4 Rxg3 37. Rd6 Kc7 38. b5 Rb3+ 39. Ka2 Be4 40.
Ra6 Bb1+ 41. Ka1 Bd3 42. Rxa4 Kb6 43. Ra6+ Kc5 44. a4 Kxc4 45. Ra7 Kb4 46. Rc7
Kxa4 47. Rxf7 Rxb5 48. Rf6 Ka3 0-1

[Event "23. Open de Moratalaz 2010"]
[Site "Madrid ESP"]
[Date "2010.09.24"]
[Round "9.9"]
[White "Barez Menendez, Hector"]
[Black "Santos, Jose Alves"]
[Result "1-0"]
[WhiteElo "2129"]
[BlackElo "2291"]
[PlyCount "99"]
[EventDate "2010.09.16"]
[EventType "swiss"]
[EventRounds "9"]
[EventCountry "ESP"]
[Source "lmi"]
[SourceDate "2010.09.16"]

1. Nf3 d5 2. d4 e6 3. c4 Nf6 4. Nc3 c5 5. cxd5 Nxd5 6. g3 cxd4 7. Nxd5 Qxd5 8.
Qxd4 Qxd4 9. Nxd4 Bb4+ 10. Bd2 Bxd2+ 11. Kxd2 O-O 12. Bg2 Nd7 13. Rhd1 e5 14.
Nb5 Nb6 15. Ke1 g6 16. Rac1 f6 17. b3 Rf7 18. Nd6 Rd7 19. Nxc8 Rxd1+ 20. Kxd1
Rxc8 21. Rxc8+ Nxc8 22. Bxb7 Nd6 23. Bd5+ Kf8 24. b4 Ke7 25. a4 Nf5 26. Kd2 Kd6
27. Bg2 Nd4 28. e3 Ne6 29. g4 f5 30. gxf5 gxf5 31. Kc3 f4 32. Kc4 fxe3 33. fxe3
Ng7 34. Be4 h6 35. a5 Ne8 36. h3 Nf6 37. Bg2 h5 38. b5 e4 39. Kd4 Nd7 40. Bxe4
Nc5 41. Bd5 h4 42. b6 axb6 43. axb6 Nd7 44. b7 Kc7 45. e4 Kd6 46. e5+ Kc7 47.
e6 Nf6 48. Ke5 Ne8 49. Be4 Nd6 50. b8=Q+ 1-0

[Event "23. Open de Moratalaz 2010"]
[Site "Madrid ESP"]
[Date "2010.09.24"]
[Round "9.10"]
[White "Mansilla Tolosa, Luis"]
[Black "Hernando Pertierra, Jose Carlos"]
[Result "0-1"]
[WhiteElo "2107"]
[BlackElo "2386"]
[PlyCount "94"]
[EventDate "2010.09.16"]
[EventType "swiss"]
[EventRounds "9"]
[EventCountry "ESP"]
[Source "lmi"]
[SourceDate "2010.09.16"]

1. d4 Nf6 2. c4 c5 3. d5 b5 4. cxb5 a6 5. e3 axb5 6. Bxb5 Ba6 7. Bxa6 Qa5+ 8.
Nc3 Qxa6 9. Nge2 d6 10. O-O g6 11. e4 Bg7 12. h3 O-O 13. Qc2 Nbd7 14. Rb1 Rfb8
15. b3 Ne8 16. Bb2 Nc7 17. Na4 Nb5 18. Bxg7 Kxg7 19. f4 Kg8 20. Rbe1 Nb6 21.
Nxb6 Qxb6 22. Kh2 Ra3 23. f5 Qa5 24. fxg6 hxg6 25. Nc1 Qc3 26. Qf2 Rf8 27. Re3
Qd4 28. Rf3 Qxf2 29. R1xf2 f6 30. Kg3 Rb8 31. Kf4 Kf7 32. g4 g5+ 33. Kg3 Nd4
34. Rd3 Rb4 35. h4 gxh4+ 36. Kxh4 Ra8 37. Kg3 Nb5 38. Kf4 Rh8 39. Ne2 Rh1 40.
Ng3 Rh3 41. g5 Rh4+ 42. Ke3 Rg4 43. Kd2 Rxg5 44. Nf5 Rxe4 45. a4 Nc7 46. Kc3
Re5 47. Ne3 Rxe3 0-1